| 000 | 00542pab a2200181 454500 | ||
|---|---|---|---|
| 008 | 180718b2017 xxu||||| |||| 00| 0 eng d | ||
| 100 | _aMin, Jeonghun | ||
| 245 | _aDo campaigns matter outside the United States? equilibrium and enlightenment in Korean presidential elections | ||
| 260 | _c2017 | ||
| 300 | _ap.21-39. | ||
| 362 | _aJan | ||
| 650 | _aPresidents | ||
| 650 | _aKorea. President - Elections | ||
| 650 | _aElections | ||
| 700 | _aGurian, Paul-Henri | ||
| 773 | _aInternational Political Science Review | ||
| 909 | _a115270 | ||
| 999 |
_c115264 _d115264 |
||